000
00307nam a2200121Ia 4500
008
231129s9999||||xx |||||||||||||| ||spa||
040
_b
spa
082
_a
364.157 V443g
100
_a
Veloza Gustavo
245
0
_a
La guerra entre los carteles del narcotrafico
264
_a
G.S. Editores
942
_2
ddc
_c
BKS
999
_c
17267
_d
17267